000 00583nam a22002172 4500
001 0000003613
005 20151217145738.0
008 070510s xx 000 0 eng d
020 _a1857038304 :
040 _aKABU
_cKABU
050 0 _aLB2369
_b.S65 2002
100 1 _aSmith, Pauline.
_@0000153647
245 1 0 _awriting an assignment.
250 _a5th ed.
260 _aOxford :
_bHow To Books,
_c2002.
300 _a128 p.
650 0 _aDissertations, Academic.
_@0000151328
908 _a070510
950 _@1
999 _c2185
_d2185